Mots dans les noms des pays n°4 - Statistiques

Statistiques générales
  • Ce quiz a été pris 170 fois
  • Le résultat moyen est 10 sur 17
Statistiques - réponses
Mot Pays % Correct
ivoire Côte d'Ivoire
100%
chèque République tchèque
98%
suis Suisse
96%
marin Saint-Marin
94%
état Etats-Unis
90%
oriental Timor oriental
88%
pays Pays-Bas
85%
bol Bolivie
83%
orgie Georgie
83%
bourg Luxembourg
78%
van Vanuatu
42%
Asie Papouasie-Nouvelle- Guinée
26%
ver Cap-Vert
25%
ace Macédoine du Nord
19%
ego Bosnie-Herzégovine
15%
ber Liberia
10%
bat Kiribati
7%
Aucun quiz correspondant
Distribution des résultats
% des personnes avec chaque résultat
Percentile par nombre de réponses
Votre historique - résultats
Vous n’avez pas pris ce quiz